01146namaa2200313 i 4500003000900000005001700009008004100026020001500067020001800082040004300100043001200143082002100155100003100176245013900207264003400346300003300380336002100413337002500434338002300459490006100482500002200543500007200565504003400637541005000671600002400721650001000745651003900755651003800794EG-GICUC20260110122702.0260110s1987 fr b|||gr|||| 001 0 fre d a2858027730 a9782858027736 aEG-GiCUCbfrecEG-GiCUCdEG-GiCUCerda af-mr---04221a964.02bK4541 aKhaneboubi, AhmedeAuthor.14aLes premiers sultans mérinides : b1269-1331 : histoire politique et sociale / cAhmed Khaneboubi ; préface de Bernard Guillemain. aParis : bL'Harmattan,c1987. a245 pages : bmap ; c24 cm. 2rdacontentatext 2rdamediaaUnmediated 2rdacarrieravolume aCollection Histoire et perspectives méditerranéennes aIncludes indexes. a"Les premiers émirs et les premiers sultans mérinides": p. 219. aBibliography : pages 211-218. aDr. Jabir Usfour ; bCairo ; cGift ; d2024.30aBeni Marin dynasty.1 2qrmak1 2qrmakaMoroccoxHistoryy647-1516.1 aMoroccoxPolitics and government.